| 000 | 00932nam a2200253 i 4500 | ||
|---|---|---|---|
| 001 | 124731 | ||
| 003 | ES-MaACL | ||
| 005 | 20230906192502.0 | ||
| 007 | t| | ||
| 008 | 070418s1924 sp ||||1| spa d | ||
| 100 | 1 |
_aVerber, Pierre. _9113982 |
|
| 245 | 1 | 0 |
_aSu desconsolada esposa _b: juguete cómico en tres actos / _coriginal de Pierre Verber y Henri de Crose ; adaptado a la escena española por Antonio Paso y S. Martínez Cuenca. |
| 260 |
_a[Madrid : _bLa Novela Teatral, _c1924] |
||
| 300 |
_a15 h. ; _c20 cm. |
||
| 490 | 1 |
_aLa novela teatral ; _v385 |
|
| 500 | _aEn la cub. caricatura de José Ramos Martín por Tovar. | ||
| 700 | 1 |
_aCrose, Henri de. _941709 |
|
| 700 | 1 |
_aPaso, Antonio. _989421 |
|
| 700 | 1 |
_aMartínez Cuenca, Salvador. _977964 |
|
| 700 | 0 |
_aTovar _c, ilustrador. _9157378 |
|
| 830 | 0 |
_aLa novela teatral ; _v385 _9122427 |
|
| 852 |
_aES-MaACL _j2216-F-39 _bR.138813 |
||
| 999 |
_c124731 _d124731 |
||